[Event "SVK-chT2B 2122"]
[Site "Slovakia"]
[Date "2021.10.16"]
[Round "1.7"]
[White "Hurton, Dusan"]
[Black "Mednansky, Vladimir"]
[Result "1-0"]
[WhiteElo "1612"]
[BlackElo "1650"]
[PlyCount "93"]
[EventDate "2021.10.16"]
[EventType "team-tourn"]
[EventRounds "11"]
[EventCountry "SVK"]
[SourceTitle "EXT 2023"]
[Source "ChessBase"]
[SourceDate "2022.10.05"]
[SourceVersion "1"]
[SourceVersionDate "2022.10.05"]
[SourceQuality "1"]
[WhiteTeam "Surany"]
[BlackTeam "Prievidza"]
[WhiteTeamCountry "SVK"]
[BlackTeamCountry "SVK"]

1. e4 d5 2. exd5 Qxd5 3. Nc3 Qd6 4. d4 Nf6 5. h3 a6 6. Nf3 Bf5 7. Bd3 Bg6 8. Be3 e6 9. Qd2 Bxd3 10. Qxd3 Nc6 11. a3 g6 12. g4 Bg7 13. g5 Nd5 14. Ne4 Qd7 15. c4 Nde7 16. Nc5 Qc8 17. a4 b6 18. Ne4 Nf5 19. Nf6+ Bxf6 20. gxf6 Nxe3 21. fxe3 Qd8 22. Qe4 Nb4 23. 0-0 c6 24. Ne5 Qc7 25. Rac1 Na2 26. Rc2 Nb4 27. Rd2 0-0-0 28. Ra1 Kb8 29. Rad1 Rd6 30. c5 Rd5 31. cxb6 Qxb6 32. Nxf7 Rf8 33. Qxe6 Qc7 34. Ne5 Rd6 35. Qc4 a5 36. f7 Qe7 37. Qe2 Qg5+ 38. Kh1 Qf5 39. Qg2 Nd5 40. Rf1 Qe6 41. Qg3 Kb7 42. Rdf2 Nb6 43. Nd3 Nxa4 44. b3 Qd5+ 45. Kh2 Nc3 46. Nc5+ Ka8 47. Qh4 1-0